|
|
|
|
| LEADER |
00625nam a2200205Ia 4500 |
| 008 |
141004s9999 xx 000 0 und d |
| 040 |
|
|
|c a
|
| 041 |
|
|
|a English
|
| 082 |
|
|
|a P:43
|
| 082 |
|
|
|b VIM/EF
|
| 100 |
|
|
|a M Vimal
|
| 245 |
|
|
|a Effect of shading on growth of some fast growing multipurpose tree species seedlings
|
| 245 |
|
|
|c M Vimal
|
| 260 |
|
|
|a Vellanikkara
|
| 260 |
|
|
|b College of Forestry
|
| 260 |
|
|
|c 1993
|
| 300 |
|
|
|b 28.5 cm
|
| 942 |
|
|
|c PR
|
| 999 |
|
|
|c 175755
|d 175755
|
| 952 |
|
|
|0 0
|1 0
|4 0
|6 P_43_VIM_EF
|7 0
|8 SEE
|9 180728
|a KAUCOF
|b KAUCOF
|c COF
|d 2018-05-10
|o P:43 VIM/EF
|p KAU_COF-PR-43
|r 2014-10-04
|w 2014-10-04
|y PR
|